Normal view
MARC view
- ELECTRIC ENGINEERING ELECTROMAGNETICS THEORY
Entry Topical Term
001 - CONTROL NUMBER
- control field: 73621
003 - CONTROL NUMBER IDENTIFIER
- control field: NUST
005 - DATE AND TIME OF LATEST TRANSACTION
- control field: 20210628205040.0
008 - FIXED-LENGTH DATA ELEMENTS
- fixed length control field: 210628|| aca||aabn | a|a d
040 ## - CATALOGING SOURCE
- Original cataloging agency: NUST
- Transcribing agency: NUST
150 ## - HEADING--TOPICAL TERM
- Topical term or geographic name entry element: ELECTRIC ENGINEERING ELECTROMAGNETICS THEORY
670 ## - SOURCE DATA FOUND
- Source citation: Work cat.: (NUST): Plones, Martin A 73620, Applied electromagnetics, 1978
